[Event "Standard for New Members, July 2006"]
[Site "SchemingMind.com"]
[Date "2006.07.11"]
[Round "-"]
[White "smozar0406"]
[Black "datsmeh"]
[Result "1-0"]
[WhiteCountry "IND"]
[BlackCountry "PHI"]
[WhiteElo "2008"]
[WhiteRD "115"]
[BlackElo "1849"]
[BlackRD "170"]
[GameID "59343"]

1. e4 e5 2. Nf3 Nc6 3. Bb5 d6 4. d4 Bg4 5. O-O Nf6 6. dxe5 Nxe4 7. Qe2 d5 8. Nc3 Nxc3 9. bxc3 Qd7 10. Bg5 a6
11. Bxc6 Qxc6 12. h3 Bh5 13. Rab1 Bc5 14. Rfe1 O-O 15. Qd3 Rab8 16. Nd4 Qa4 17. Nb3 Bb6 18. Qxd5 Kh8 19. Ra1 Rfe8 20. Qd2 Qb5
21. Nd4 Rxe5 22. Nxb5 Rxb5 23. Qd7 Rxg5 24. Re8+ Rxe8 25. Qxe8#
1-0

[Event "Standard for New Members, July 2006"]
[Site "SchemingMind.com"]
[Date "2006.07.14"]
[Round "-"]
[White "datsmeh"]
[Black "smozar0406"]
[Result "0-1"]
[WhiteCountry "PHI"]
[BlackCountry "IND"]
[WhiteElo "1657"]
[WhiteRD "139"]
[BlackElo "2027"]
[BlackRD "115"]
[GameID "59344"]

1. c4 Nf6 2. Nc3 d5 3. e3 dxc4 4. Bxc4 e5 5. Nf3 Bg4 6. h3 e4 7. Nxe4 Nxe4 8. hxg4 Nd6 9. Qa4+ c6 10. Ne5 b5
11. Bxf7+ Nxf7 12. Qe4 Nxe5 13. Qxe5+ Qe7 14. Qd4 Nd7 15. d3 Qb4+ 16. Qc3 Ne5 17. f3 Qxc3+ 18. bxc3 Nxd3+ 19. Ke2 Nxc1+ 20. Raxc1 O-O-O
21. Rh5 Kb7 22. Rb1 Kb6 23. c4 b4 24. a3 a5 25. axb4 axb4 26. Ra1 Bc5 27. f4 g6 28. Re5 Rhe8 29. Rg5 Bxe3 30. Kf3 Rd3
31. Ke2 Rd2+ 32. Kf3 Rf2+ 33. Kg3 Bxf4+ 34. Kxf2 Bxg5 35. Kf3 Re3+ 36. Kf2 Rc3 37. Kg1 Rxc4 38. Kh2 Rxg4 39. Kh3 h5
0-1

[Event "Standard for New Members, July 2006"]
[Site "SchemingMind.com"]
[Date "2006.07.15"]
[Round "-"]
[White "july"]
[Black "datsmeh"]
[Result "0-1"]
[WhiteCountry "ARG"]
[BlackCountry "PHI"]
[WhiteElo "937"]
[WhiteRD "118"]
[BlackElo "1849"]
[BlackRD "170"]
[GameID "59754"]

1. e4 f5 2. Bc4 d6 3. exf5 Bxf5 4. Ke2 Nf6 5. Nf3 e6 6. a4 Be7 7. d3 Nc6 8. c3 Ng4 9. Be3 O-O 10. b4 Bf6
11. Ra3 Qe7 12. Rb3 a6 13. Na3 Kh8 14. h4 b5 15. axb5 axb5 16. g3 bxc4 17. b5 Bxd3+ 18. Kd2 Na5 19. h5 Nxb3+ 20. Ke1 Bxc3+
21. Bd2 Qf6 22. Nxc4 Ra1 23. Bxc3 Qxc3+ 24. Ncd2 Rxf3 25. Rh3 Qxd2#
0-1

[Event "Standard for New Members, July 2006"]
[Site "SchemingMind.com"]
[Date "2006.07.17"]
[Round "-"]
[White "datsmeh"]
[Black "july"]
[Result "1-0"]
[WhiteCountry "PHI"]
[BlackCountry "ARG"]
[WhiteElo "1849"]
[WhiteRD "170"]
[BlackElo "937"]
[BlackRD "118"]
[GameID "59756"]

1. c4 d6 2. Nc3 e5 3. Nf3 c5 4. e3 Nc6 5. Be2 Rb8 6. Qa4 e4 7. Nxe4 Bd7 8. Qc2 Qe7 9. Qd3 Na5 10. Nfg5 Qxg5
11. Nxg5 f5 12. b3 g6 13. Qd5 Bh6 14. Nf7 a6 15. Bb2 b5 16. Nxd6+ Ke7 17. Qxc5 Ke6 18. Qe5#
1-0

[Event "Standard for New Members, July 2006"]
[Site "SchemingMind.com"]
[Date "2006.07.15"]
[Round "-"]
[White "smozar0406"]
[Black "july"]
[Result "1-0"]
[WhiteCountry "IND"]
[BlackCountry "ARG"]
[WhiteElo "1920"]
[WhiteRD "145"]
[BlackElo "1007"]
[BlackRD "134"]
[GameID "59757"]

1. e4 d5 2. exd5 Qxd5 3. Nc3 Bf5 4. Nxd5 Kd8 5. Qf3 e6 6. Ne3 Bc5 7. Nxf5 exf5 8. Qxb7 c6 9. d4 a5 10. Qxa8 Bxd4
11. Qxb8+ Kd7 12. Bf4 c5 13. Bb5+ Ke6 14. Qd6#
1-0

[Event "Standard for New Members, July 2006"]
[Site "SchemingMind.com"]
[Date "2006.07.15"]
[Round "-"]
[White "cdmoyer"]
[Black "datsmeh"]
[Result "0-1"]
[WhiteCountry "USA"]
[BlackCountry "PHI"]
[WhiteElo "1309"]
[WhiteRD "121"]
[BlackElo "1920"]
[BlackRD "187"]
[GameID "59763"]

1. d4 d5 2. c4 e6 3. Nc3 Bb4 4. Nf3 Qd7 5. Ne5 Qe7 6. e3 Nf6 7. Be2 Ne4 8. O-O Bd7 9. cxd5 Nxc3 10. bxc3 Bxc3
11. Rb1 O-O 12. Nc4 exd5 13. Ba3 Qh4 14. Bxf8 Kxf8 15. Qc1 Bxd4 16. exd4 Nc6 17. Rxb7 Nxd4 18. Re1 Re8 19. Qa3+ Kg8 20. Nd6 Nxe2+
21. Rxe2 Rxe2 22. Rb8+ Be8 23. Nxe8 Re1#
0-1

[Event "Standard for New Members, July 2006"]
[Site "SchemingMind.com"]
[Date "2006.07.15"]
[Round "-"]
[White "cdmoyer"]
[Black "smozar0406"]
[Result "0-1"]
[WhiteCountry "USA"]
[BlackCountry "IND"]
[WhiteElo "1309"]
[WhiteRD "121"]
[BlackElo "1920"]
[BlackRD "145"]
[GameID "59764"]

1. d4 d5 2. c4 dxc4 3. Nc3 e6 4. Nf3 Nf6 5. Bg5 Be7 6. e4 O-O 7. Bxc4 b6 8. d5 exd5 9. exd5 Bb7 10. O-O Nbd7
11. Re1 Re8 12. Ne4 Nxe4 13. Rxe4 Bxg5 14. Nxg5 Qxg5 15. Qe1 Nf6 16. Rxe8+ Rxe8 17. Qd1 Nxd5 18. Bxd5 Bxd5 19. Qa4 Qxg2#
0-1

[Event "Standard for New Members, July 2006"]
[Site "SchemingMind.com"]
[Date "2006.07.15"]
[Round "-"]
[White "cdmoyer"]
[Black "july"]
[Result "1-0"]
[WhiteCountry "USA"]
[BlackCountry "ARG"]
[WhiteElo "1309"]
[WhiteRD "121"]
[BlackElo "1007"]
[BlackRD "134"]
[GameID "59765"]

1. d4 d5 2. c4 dxc4 3. Nf3 Qxd4 4. Nxd4 Kd7 5. Nb5+ Ke6 6. Nxc7+ Ke5 7. Nxa8 Be6 8. Nc7 f5 9. Nxe6 Nf6 10. Qd4+ Kxe6
11. Qxa7 Nc6 12. Qxb7 Nb8 13. Qxb8 Nd7 14. Qc7 Kd5 15. Qxd7+ Ke4 16. Nc3+ Ke5 17. Qd5+ Kf6 18. Qxc4 e6 19. e4 fxe4 20. Qxe4 Ke7
21. Nd5+ Kd6 22. Bf4+ Kc5 23. Rc1#
1-0

[Event "Standard for New Members, July 2006"]
[Site "SchemingMind.com"]
[Date "2006.07.17"]
[Round "-"]
[White "datsmeh"]
[Black "cdmoyer"]
[Result "1-0"]
[WhiteCountry "PHI"]
[BlackCountry "USA"]
[WhiteElo "1662"]
[WhiteRD "292"]
[BlackElo "1232"]
[BlackRD "145"]
[GameID "59766"]

1. d4 d5 2. c4 dxc4 3. e3 b5 4. Nc3 c6 5. a4 f6 6. axb5 cxb5 7. Qh5+ g6 8. Qxb5+ Bd7 9. Qd5 Qc8 10. Qxa8 Nc6
11. Nd5 Kd8 12. Bxc4 Qxa8 13. Nf3 e5 14. O-O Nge7 15. Nxf6 Bg7 16. Nxd7 Kxd7 17. dxe5 Nxe5 18. Rd1+ Kc7 19. Nd4 Qc8 20. Ba6 Qg4
21. Be2 Qg5 22. Ne6+ Kb8 23. Nxg5
1-0

[Event "Standard for New Members, July 2006"]
[Site "SchemingMind.com"]
[Date "2006.07.15"]
[Round "-"]
[White "smozar0406"]
[Black "cdmoyer"]
[Result "1-0"]
[WhiteCountry "IND"]
[BlackCountry "USA"]
[WhiteElo "1920"]
[WhiteRD "145"]
[BlackElo "1309"]
[BlackRD "121"]
[GameID "59767"]

1. e4 e5 2. Nf3 Nf6 3. Nxe5 d6 4. Nf3 Nxe4 5. d3 Nc5 6. Be2 Be7 7. O-O O-O 8. Nc3 Bg4 9. Be3 Nc6 10. h3 Bh5
11. d4 Nd7 12. Ne4 a5 13. c3 d5 14. Ng3 Ba3 15. bxa3 Nf6 16. Nxh5 Nxh5 17. Qc2 Re8 18. Qf5 Ne7 19. Qxh5
1-0

[Event "Standard for New Members, July 2006"]
[Site "SchemingMind.com"]
[Date "2006.07.15"]
[Round "-"]
[White "july"]
[Black "cdmoyer"]
[Result "0-1"]
[WhiteCountry "ARG"]
[BlackCountry "USA"]
[WhiteElo "1007"]
[WhiteRD "134"]
[BlackElo "1309"]
[BlackRD "121"]
[GameID "59768"]

1. d4 d5 2. Nf3 Nf6 3. Rg1 e6 4. Ng5 Nc6 5. Bf4 Bd6 6. Nxh7 Bxf4 7. Nc3 Bxh2 8. Nf8 Bxg1 9. b4 Kxf8 10. a4 Nxb4
11. e3 Ne4 12. f4 Nxc3 13. Qd2 Qh4+ 14. Qf2 Bxf2+ 15. Kd2 Be1+ 16. Rxe1 Qf2+ 17. Kxc3 Qxe1+ 18. Kb3 Qxf1 19. Kxb4 Qc4+ 20. Ka3 Bd7
21. g4 Bxa4 22. g5 Qxc2 23. g6 Qb3#
0-1

[Event "Standard for New Members, July 2006"]
[Site "SchemingMind.com"]
[Date "2006.07.16"]
[Round "-"]
[White "brianstromberg"]
[Black "cdmoyer"]
[Result "0-1"]
[WhiteCountry "USA"]
[BlackCountry "USA"]
[WhiteElo "1489"]
[WhiteRD "152"]
[BlackElo "1232"]
[BlackRD "145"]
[GameID "59785"]

1. Nf3 d5 2. d4 Nc6 3. e3 Bg4 4. Bb5 e6 5. Ne5 Bxd1 6. Kxd1 Qd6 7. Re1 a6 8. Bd3 Nxe5 9. dxe5 Qxe5 10. f4 Qh5+
11. Be2 Qxh2 12. Bf1 Bb4 13. c3 Ba5 14. b4 Bb6 15. e4 Nf6 16. Be3 Nxe4 17. Nd2 Bxe3 18. Rxe3 Qg1 19. Kc2 Qxe3 20. Rd1 Nxd2
21. Rxd2 Qxf4 22. c4 Qxf1 23. a4 dxc4 24. g3 Rd8
0-1

[Event "Standard for New Members, July 2006"]
[Site "SchemingMind.com"]
[Date "2006.07.16"]
[Round "-"]
[White "brianstromberg"]
[Black "datsmeh"]
[Result "0-1"]
[WhiteCountry "USA"]
[BlackCountry "PHI"]
[WhiteElo "1422"]
[WhiteRD "127"]
[BlackElo "1920"]
[BlackRD "187"]
[GameID "59786"]

1. e4 d6 2. Bb5+ Nc6 3. Nf3 e5 4. d4 Bd7 5. dxe5 Nxe5 6. Bg5 Be7 7. h4 Bxb5 8. Nc3 Bc4 9. b3 Be6 10. Nd4 Bxg5
11. hxg5 Qxg5 12. Rh5 Qxg2 13. Qc1 Bg4 14. Rg5 Nf6 15. Rxg7 O-O-O 16. Nde2 Rde8 17. Kd2 Nxe4+ 18. Nxe4 Rhg8 19. Nf6 Nf3+ 20. Kc3 Rxg7
21. Qd1 Re5 22. Qc1 Qxf2 23. Qh6 Rxe2 24. Qxg7 Qd4#
0-1

[Event "Standard for New Members, July 2006"]
[Site "SchemingMind.com"]
[Date "2006.07.16"]
[Round "-"]
[White "brianstromberg"]
[Black "smozar0406"]
[Result "0-1"]
[WhiteCountry "USA"]
[BlackCountry "IND"]
[WhiteElo "1368"]
[WhiteRD "113"]
[BlackElo "2008"]
[BlackRD "115"]
[GameID "59787"]

1. d4 d5 2. Nf3 Nf6 3. Bf4 e6 4. g3 c5 5. e3 Nc6 6. Bg2 cxd4 7. Nxd4 a6 8. O-O Be7 9. Re1 O-O 10. e4 Nxd4
11. Qxd4 dxe4 12. Qd1 Qxd1 13. Rxd1 b5 14. Nc3 Bb7 15. f3 exf3 16. Bf1 Bc5+ 17. Kh1 Ng4 18. Rd7 Bc6 19. Rc7 Rac8 20. Bd3 Rxc7
21. Bxc7 Nf2+ 22. Kg1 Nxd3+ 23. Kf1 Nxb2 24. Ke1 Bd4 25. Nd1 Nd3+ 26. cxd3 Bxa1 27. h4 Bd4 28. g4 Rc8 29. Bg3 Bd5 30. Nf2 Bxa2
31. h5 Be3 32. Nd1 Rc1 33. Be5 Bb3 34. Bb2 Rxd1#
0-1

[Event "Standard for New Members, July 2006"]
[Site "SchemingMind.com"]
[Date "2006.07.16"]
[Round "-"]
[White "brianstromberg"]
[Black "july"]
[Result "1-0"]
[WhiteCountry "USA"]
[BlackCountry "ARG"]
[WhiteElo "1422"]
[WhiteRD "127"]
[BlackElo "1007"]
[BlackRD "134"]
[GameID "59788"]

1. e4 Nc6 2. d3 g5 3. Bxg5 e5 4. Bxd8 Kxd8 5. g3 d6 6. c3 Nf6 7. d4 exd4 8. cxd4 Nxe4 9. f3 b5 10. d5 Bg7
11. a4 bxa4 12. Qxa4 Bxb2 13. Ra2 Nd4 14. Rxb2 c5 15. Nc3 Nxc3 16. Qa5+ Kd7 17. Qxc3 a5 18. Bb5+ Kc7 19. Qe3 Bf5 20. Qe7+ Kb8
21. Qxf7 c4 22. Bxc4+ Kc8 23. Qb7+ Kd8 24. Qxa8+ Kd7 25. Qxh8 a4 26. Rb7#
1-0

[Event "Standard for New Members, July 2006"]
[Site "SchemingMind.com"]
[Date "2006.07.15"]
[Round "-"]
[White "cdmoyer"]
[Black "brianstromberg"]
[Result "1-0"]
[WhiteCountry "USA"]
[BlackCountry "USA"]
[WhiteElo "1309"]
[WhiteRD "121"]
[BlackElo "1422"]
[BlackRD "127"]
[GameID "59789"]

1. d4 Nf6 2. c4 d5 3. Nc3 dxc4 4. Nf3 e6 5. Bg5 Bd6 6. e3 h6 7. Bh4 g5 8. Bg3 c5 9. Bxc4 b6 10. dxc5 bxc5
11. Bxd6 Nfd7 12. Qa4 Qb6 13. Nb5 Na6 14. Be5 Nxe5 15. Nc7+ Kd8 16. Nxa8 Qb4+ 17. Qxb4 Nxb4 18. Nxe5 Nc2+ 19. Ke2 Bb7 20. Nxf7+ Ke7
21. Nxh8 Bxa8 22. Rac1 Nb4 23. h4 g4 24. a3 Na6 25. Bxa6 Kf6 26. Rxc5 Bxg2 27. Rg1 Bf3+ 28. Ke1 Kg7 29. Rc8 Kh7 30. Bd3+ Kg7
31. b4 Bb7 32. Rxg4+ Kf6 33. Rg6+ Ke5 34. Rc5+ Bd5 35. Nf7#
1-0

[Event "Standard for New Members, July 2006"]
[Site "SchemingMind.com"]
[Date "2006.07.17"]
[Round "-"]
[White "datsmeh"]
[Black "brianstromberg"]
[Result "1-0"]
[WhiteCountry "PHI"]
[BlackCountry "USA"]
[WhiteElo "1920"]
[WhiteRD "187"]
[BlackElo "1422"]
[BlackRD "127"]
[GameID "59790"]

1. e4 Nf6 2. Nc3 e5 3. Nf3 d5 4. Nxe5 dxe4 5. Bc4 Bd6 6. Nxf7 Qe7 7. Nxh8 Nc6 8. O-O Qf8 9. Nf7 Ne5 10. d4 Nxc4
11. Ng5 Ng4 12. Ngxe4 Nxb2 13. Bxb2 Qf4 14. Re1 Qxh2+ 15. Kf1 Qh1+ 16. Ke2 Qxg2 17. Kd3 Bf5 18. Kc4 Be6+ 19. d5 Ne5+ 20. Kb3 Bg4
21. Qd4 c5 22. Nxd6+ Kd7 23. Qxe5 Qxf2 24. Ba3 Rd8 25. Qe7#
1-0

[Event "Standard for New Members, July 2006"]
[Site "SchemingMind.com"]
[Date "2006.07.15"]
[Round "-"]
[White "smozar0406"]
[Black "brianstromberg"]
[Result "1-0"]
[WhiteCountry "IND"]
[BlackCountry "USA"]
[WhiteElo "1920"]
[WhiteRD "145"]
[BlackElo "1422"]
[BlackRD "127"]
[GameID "59791"]

1. e4 d5 2. exd5 Qxd5 3. Nc3 Qc5 4. d4 Qa5 5. Bd2 Nc6 6. Nb5 Qb6 7. Be3 Nxd4 8. Bxd4 Qa5+ 9. c3 Qa6 10. Nxc7+ Kd8
11. Nxa6 bxa6 12. Bxg7+ Bd7 13. Bxh8 Rb8 14. Be5 e6 15. Bxb8 Nf6 16. Bxa6 Ne8 17. Bb5 Nd6 18. Bxd6 Bg7 19. Be5
1-0

[Event "Standard for New Members, July 2006"]
[Site "SchemingMind.com"]
[Date "2006.07.15"]
[Round "-"]
[White "july"]
[Black "brianstromberg"]
[Result "0-1"]
[WhiteCountry "ARG"]
[BlackCountry "USA"]
[WhiteElo "937"]
[WhiteRD "118"]
[BlackElo "1368"]
[BlackRD "113"]
[GameID "59792"]

1. d4 Nf6 2. Nf3 d5 3. Nh4 g5 4. b4 gxh4 5. Bg5 Rg8 6. Bxh4 e6 7. e3 Bxb4+ 8. c3 Qd6 9. cxb4 Qxb4+ 10. Qd2 Nc6
11. Bxf6 Rg6 12. Be5 f6 13. Bxc7 e5 14. Qxb4 Nxb4 15. f4 exd4 16. Bb5+ Bd7 17. exd4 Bxb5 18. f5 Rc8 19. fxg6 Rxc7 20. gxh7 Rxh7
21. g4 Rh3 22. Nc3 Nc2+ 23. Kf2 Nxa1 24. Rxa1 Rxc3 25. h4 Rd3 26. h5 Rxd4 27. Re1+ Kf8 28. Re8+ Kf7 29. h6 Bxe8 30. h7 Kg7
31. h8=Q+ Kxh8 32. Kg2 Rxg4+ 33. Kf3 Bh5 34. Ke2 Rg2+ 35. Ke3 Rg4 36. Kd2 Rg3 37. a4 a5 38. Kc2 d4 39. Kb2 Rc3 40. Ka1 f5
41. Ka2 f4 42. Kb1 f3 43. Ka1 f2 44. Kb1 f1=Q+ 45. Ka2 Qf2+
0-1

[Event "Standard for New Members, July 2006"]
[Site "SchemingMind.com"]
[Date "2006.07.15"]
[Round "-"]
[White "canuck"]
[Black "brianstromberg"]
[Result "1-0"]
[WhiteCountry "CAN"]
[BlackCountry "USA"]
[WhiteElo "1929"]
[WhiteRD "164"]
[BlackElo "1489"]
[BlackRD "152"]
[GameID "59900"]

1. d4 Nc6 2. d5 Nb4 3. a3 Nxd5 4. Qxd5 c6 5. Qd1 d5 6. e3 Qc7 7. c4 g6 8. Nc3 Nf6 9. Nf3 Ne4 10. cxd5 Bg7
11. Nxe4 O-O 12. dxc6 bxc6 13. Be2 Qb8 14. O-O Bxb2 15. Rb1 Qc7 16. Bxb2 Rd8 17. Qa4 f5 18. Ng3 Bd7 19. Qc4+ Be6 20. Qxe6+ Kf8
21. Bc4 Ke8 22. Rbd1 Rab8 23. Qf7#
1-0

[Event "Standard for New Members, July 2006"]
[Site "SchemingMind.com"]
[Date "2006.07.15"]
[Round "-"]
[White "canuck"]
[Black "cdmoyer"]
[Result "1-0"]
[WhiteCountry "CAN"]
[BlackCountry "USA"]
[WhiteElo "1929"]
[WhiteRD "164"]
[BlackElo "1232"]
[BlackRD "145"]
[GameID "59901"]

1. d4 d5 2. c4 Nf6 3. cxd5 Nxd5 4. e4 Nf6 5. Nc3 Nc6 6. Bb5 a6 7. Bxc6+ bxc6 8. Nf3 Bg4 9. e5 Bxf3 10. Qxf3 Nd5
11. O-O e6 12. Rd1 Bb4 13. Ne4 O-O 14. Bg5 Be7 15. Bxe7 Qxe7 16. Rac1 Nb4 17. a3 f5 18. exf6 gxf6 19. axb4 Qxb4 20. Qc3 Qxc3
21. Rxc3 Rab8 22. Rxc6 Rxb2 23. Rxa6 f5 24. Nc5 f4 25. Nxe6 Rf6 26. Nxc7 Rxa6 27. Nxa6
1-0

[Event "Standard for New Members, July 2006"]
[Site "SchemingMind.com"]
[Date "2006.07.15"]
[Round "-"]
[White "canuck"]
[Black "datsmeh"]
[Result "0-1"]
[WhiteCountry "CAN"]
[BlackCountry "PHI"]
[WhiteElo "1850"]
[WhiteRD "160"]
[BlackElo "1920"]
[BlackRD "187"]
[GameID "59902"]

1. d4 d5 2. c4 Nf6 3. Nc3 e6 4. Bg5 Bb4 5. e3 Nc6 6. Nf3 O-O 7. Bd3 Na5 8. cxd5 Bxc3+ 9. bxc3 Qxd5 10. Bxf6 gxf6
11. O-O Bd7 12. Qc2 f5 13. Ne5 f6 14. Nxd7 Qxd7 15. Rab1 Kf7 16. d5 Qxd5 17. Rb5 Qd6 18. Rxa5 Rg8 19. e4 Qc6 20. exf5 Qxg2#
0-1

[Event "Standard for New Members, July 2006"]
[Site "SchemingMind.com"]
[Date "2006.07.15"]
[Round "-"]
[White "canuck"]
[Black "smozar0406"]
[Result "0-1"]
[WhiteCountry "CAN"]
[BlackCountry "IND"]
[WhiteElo "1682"]
[WhiteRD "123"]
[BlackElo "2008"]
[BlackRD "115"]
[GameID "59903"]

1. d4 d5 2. c4 dxc4 3. e3 Nf6 4. Bxc4 e6 5. Nc3 Be7 6. Nf3 O-O 7. O-O b6 8. e4 Bb7 9. Re1 Qd7 10. Bf4 Bb4
11. Ne5 Qe7 12. Qf3 Bxc3 13. bxc3 Nxe4 14. Rxe4 f5 15. Ng6 hxg6 16. Rxe6 Bxf3 17. Rxe7+ Kh7 18. gxf3 Nc6 19. Rxc7 Rac8 20. Rxc8 Rxc8
21. Bb3 b5
0-1

[Event "Standard for New Members, July 2006"]
[Site "SchemingMind.com"]
[Date "2006.07.15"]
[Round "-"]
[White "canuck"]
[Black "july"]
[Result "1-0"]
[WhiteCountry "CAN"]
[BlackCountry "ARG"]
[WhiteElo "1929"]
[WhiteRD "164"]
[BlackElo "1116"]
[BlackRD "168"]
[GameID "59904"]

1. d4 Nc6 2. d5 a5 3. dxc6 bxc6 4. Nf3 Ba6 5. b3 Bxe2 6. Bxe2 Ra6 7. Bxa6 Nf6 8. Bc4 e5 9. Qe2 Nh5 10. Qxe5+ Be7
11. Qxh5 g6 12. Qh6 d5 13. Bd3 Bb4+ 14. Bd2 f5 15. O-O Bxd2 16. Nbxd2 Kf7 17. Rae1 Qg5 18. Nxg5+ Kf6 19. Re6#
1-0

[Event "Standard for New Members, July 2006"]
[Site "SchemingMind.com"]
[Date "2006.07.16"]
[Round "-"]
[White "brianstromberg"]
[Black "canuck"]
[Result "1-0"]
[WhiteCountry "USA"]
[BlackCountry "CAN"]
[WhiteElo "1340"]
[WhiteRD "99"]
[BlackElo "1634"]
[BlackRD "130"]
[GameID "59905"]

1. e4 c5 2. d4 cxd4 3. Bd3 Nc6 4. Nf3 e6 5. O-O Qc7 6. g3 Nf6 7. Re1 d6 8. c4 dxc3 9. Nxc3 Be7 10. e5 dxe5
11. Nxe5 Nxe5 12. Bb5+ Nc6 13. Bf4 Qb6 14. Be3 Qd8 15. Na4 Qxd1 16. Raxd1 Bd7 17. Nc5 Bxc5 18. Bxc5 a6 19. Bc4 b5 20. Bf1 O-O-O
21. b3 Kb7 22. a4 Na7 23. axb5 Bxb5 24. Rd6 Rxd6 25. b4 Rd5 26. Bd6 Rxd6 27. Bg2+ Bc6 28. f3 Rhd8 29. Bf1 Bxf3 30. Kf2 Bc6
31. b5 Bxb5 32. Rb1 Rd2+ 33. Kf3 Kc6 34. Rc1+ Kd7 35. Ke3 Ke7 36. Rc7+ R2d7 37. Rc3 Rd3+ 38. Bxd3 Rxd3+ 39. Rxd3 Bxd3 40. Kxd3 Kd6
41. Ke3
1-0

[Event "Standard for New Members, July 2006"]
[Site "SchemingMind.com"]
[Date "2006.07.16"]
[Round "-"]
[White "cdmoyer"]
[Black "canuck"]
[Result "0-1"]
[WhiteCountry "USA"]
[BlackCountry "CAN"]
[WhiteElo "1232"]
[WhiteRD "145"]
[BlackElo "1929"]
[BlackRD "164"]
[GameID "59906"]

1. d4 d5 2. c4 e6 3. Nc3 Nf6 4. Bg5 Be7 5. e3 O-O 6. Nf3 h6 7. Bxf6 Bxf6 8. Rc1 c6 9. Bd3 Nd7 10. O-O dxc4
11. Bxc4 e5 12. Ne4 exd4 13. exd4 Nb6 14. Nxf6+ Qxf6 15. Re1 Bg4 16. d5 cxd5 17. Bxd5 Rad8 18. Rc7 Rxd5 19. Qb3 Bxf3 20. Qxf3 Qxf3
21. gxf3 Rfd8 22. Kf1 R5d7 23. Rec1 Kf8 24. f4 Ke7 25. Re1+ Kf6 26. b4 Rxc7
0-1

[Event "Standard for New Members, July 2006"]
[Site "SchemingMind.com"]
[Date "2006.07.17"]
[Round "-"]
[White "datsmeh"]
[Black "canuck"]
[Result "1-0"]
[WhiteCountry "PHI"]
[BlackCountry "CAN"]
[WhiteElo "1657"]
[WhiteRD "146"]
[BlackElo "1634"]
[BlackRD "126"]
[GameID "59907"]

1. e4 c5 2. Nf3 Nc6 3. Bc4 e6 4. d3 d5 5. exd5 exd5 6. Bb5 Nf6 7. O-O Be7 8. Ne5 Qc7 9. Nc3 Qxe5 10. Qf3 O-O
11. Bf4 Qf5 12. Rfe1 Qd7 13. Re5 Nxe5 14. Bxe5 Qf5 15. Qe3 Ng4 16. Qg3 Nxe5 17. Nxd5 Bf6 18. Re1 Ng6 19. Re3 Qg5 20. Qd6 Be6
21. Nc7
1-0

[Event "Standard for New Members, July 2006"]
[Site "SchemingMind.com"]
[Date "2006.07.17"]
[Round "-"]
[White "smozar0406"]
[Black "canuck"]
[Result "1-0"]
[WhiteCountry "IND"]
[BlackCountry "CAN"]
[WhiteElo "2008"]
[WhiteRD "115"]
[BlackElo "1682"]
[BlackRD "123"]
[GameID "59908"]

1. e4 c5 2. Nf3 Nc6 3. d4 cxd4 4. Nxd4 a6 5. Be2 e6 6. O-O d5 7. Nc3 Bc5 8. Nb3 Bd6 9. exd5 exd5 10. Nxd5 Nge7
11. Re1 Nxd5 12. Qxd5 Bxh2+ 13. Kxh2 Qxd5 14. Bc4+ Qe5+ 15. Bf4 Qxe1 16. Rxe1+
1-0

[Event "Standard for New Members, July 2006"]
[Site "SchemingMind.com"]
[Date "2006.07.15"]
[Round "-"]
[White "july"]
[Black "canuck"]
[Result "0-1"]
[WhiteCountry "ARG"]
[BlackCountry "CAN"]
[WhiteElo "1116"]
[WhiteRD "168"]
[BlackElo "1929"]
[BlackRD "164"]
[GameID "59909"]

1. e4 c5 2. Bd3 Nc6 3. Qg4 d5 4. Qxc8 Rxc8 5. exd5 Qxd5 6. Bf5 Qxf5 7. h4 Nd4 8. Rh3 Nxc2+ 9. Ke2 Qe4+ 10. Re3 Qg4+
11. Nf3 Nxa1 12. g3 Nc2 13. Rc3 Qe4+ 14. Kf1 e6 15. Rxc2 Qxc2 16. Kg2 Qxc1 17. Ne5 Qxb1 18. Nxf7 Kxf7 19. a3 Rd8 20. f4 Rxd2+
21. Kf3 h5 22. Ke3 Qd3#
0-1

[Event "Standard for New Members, July 2006"]
[Site "SchemingMind.com"]
[Date "2006.07.17"]
[Round "-"]
[White "NebAnphu"]
[Black "brianstromberg"]
[Result "1-0"]
[WhiteCountry "POL"]
[BlackCountry "USA"]
[WhiteElo "1946"]
[WhiteRD "169"]
[BlackElo "1368"]
[BlackRD "113"]
[GameID "60097"]

1. d4 Nf6 2. c4 d5 3. Nc3 e6 4. Bg5 Be7 5. e3 Ne4 6. Bxe7 Qxe7 7. cxd5 e5 8. Nxe4 Qb4+ 9. Qd2 Na6 10. Qxb4 Nxb4
11. Kd2 O-O 12. Nf3 Bf5 13. Nc3 exd4 14. Nxd4 Bg6 15. a3 Nxd5 16. Nxd5 f5 17. Ne7+ Kf7 18. Nxg6 hxg6 19. Bc4+ Kf6 20. Rac1 Rac8
21. Be6 Rcd8 22. Rxc7 f4 23. Bg4 Rfe8 24. Rhc1 Kg5 25. Bf3 fxe3+ 26. fxe3 Rh8 27. R1c5+ Kh6 28. Rxb7 Kh7 29. Rcc7 Rhg8 30. Rxa7 g5
31. b4 Kh6 32. b5 g6 33. Rh7#
1-0

[Event "Standard for New Members, July 2006"]
[Site "SchemingMind.com"]
[Date "2006.07.17"]
[Round "-"]
[White "NebAnphu"]
[Black "canuck"]
[Result "1-0"]
[WhiteCountry "POL"]
[BlackCountry "CAN"]
[WhiteElo "2061"]
[WhiteRD "132"]
[BlackElo "1634"]
[BlackRD "118"]
[GameID "60099"]

1. d4 d5 2. Nf3 Nf6 3. c4 e6 4. Nc3 c6 5. e3 Nbd7 6. Qc2 Bd6 7. Bd3 O-O 8. O-O dxc4 9. Bxc4 e5 10. dxe5 Nxe5
11. Nxe5 Bxe5 12. f4 Bc7 13. h3
1-0

[Event "Standard for New Members, July 2006"]
[Site "SchemingMind.com"]
[Date "2006.07.17"]
[Round "-"]
[White "NebAnphu"]
[Black "datsmeh"]
[Result "1-0"]
[WhiteCountry "POL"]
[BlackCountry "PHI"]
[WhiteElo "2061"]
[WhiteRD "132"]
[BlackElo "1657"]
[BlackRD "139"]
[GameID "60100"]

1. d4 c5 2. Nf3 Nc6 3. d5 Nb4 4. a3 Qa5 5. Bd2 Nf6 6. c4 e6 7. Nc3 Na6 8. Qc2 Qc7 9. e4 Bd6 10. Nb5 Qb8
11. Nxd6+ Qxd6 12. e5 Qe7 13. d6 Qd8 14. exf6 Qxf6 15. O-O-O O-O 16. Bc3 Qf4+ 17. Kb1 Nb8 18. Bd3 f5 19. Ne5 Nc6 20. g3 Qg5
21. f4 Qd8 22. h3 Rb8 23. g4
1-0

[Event "Standard for New Members, July 2006"]
[Site "SchemingMind.com"]
[Date "2006.07.17"]
[Round "-"]
[White "NebAnphu"]
[Black "smozar0406"]
[Result "1/2-1/2"]
[WhiteCountry "POL"]
[BlackCountry "IND"]
[WhiteElo "2092"]
[WhiteRD "122"]
[BlackElo "1914"]
[BlackRD "100"]
[GameID "60101"]

1. d4 d5 2. Nf3 Nf6 3. c4 dxc4 4. Nc3 e6 5. e3 Be7 6. Bxc4 O-O 7. O-O b6 8. b3 Bb7 9. Bb2 Nbd7 10. Rc1 c5
11. d5 Nxd5 12. Nxd5 exd5 13. Bxd5 Bxd5 14. Qxd5 Nf6 15. Qc4 Rc8 16. Rfd1 Qc7 17. h3 h6 18. Rd3 Rfd8 19. Rcd1 Rxd3 20. Rxd3 Rd8
21. Rxd8+ Qxd8 22. Ne5 Qe8 23. Qa6 Bd6 24. Nc4 Bb8 25. Bxf6 gxf6 26. Qb7= Qd8 27. g3 Kg7 28. e4 Qc7 29. Qxc7 Bxc7=
1/2-1/2